00327nam a2200121Ia 450000500170000000800410001708200160005810000200007424500320009426000380012630000140016465000270017820240620055458.0240331s9999 xx 000 0 und d bGANa891.48 aGanesalingan, S 0aOomaigal cS. Ganeshalingan aChennaibKumaran Publishersc2005 a208 p ., aShort stories in Tamil